Restless Heart Syndrome- Green Day - Statistics

General Stats
  • This quiz has been taken 24 times
  • The average score is 150 of 200
Answer Stats
Answer % Correct
a
100%
an
100%
and
100%
be
100%
I
100%
my
100%
bad
93%
beggin'
93%
disease
93%
got
93%
hands
93%
It's
93%
I've
93%
knees
93%
me
93%
on
93%
really
93%
So
93%
so
93%
some
93%
take
93%
the
93%
The
93%
to
93%
To
93%
you
93%
You
93%
'Cause
87%
emergency
87%
missin'
87%
seems
87%
somethin'
87%
can
80%
find
80%
I'm
80%
know
80%
Know
80%
could
73%
impales
73%
is
73%
like
73%
medicated
73%
of
73%
pharmacy
73%
send
73%
system
73%
victim
73%
what
73%
What
73%
your
73%
ails
67%
away
67%
elated,
67%
in
67%
lose
67%
memory
67%
never
67%
symptom
67%
You're
67%
am
60%
are
60%
been
60%
brain
60%
crucified
60%
enemy
60%
feel
60%
hide
60%
knows
60%
Lord
60%
own
60%
place
60%
run
60%
satisfied
60%
tried
60%
waitin'
60%
way
60%
worst
60%
bleedin'
53%
need
53%
suicide
53%
found
47%
makes
47%
outside
47%
self-assured?
47%
ulcer
47%
accidents
40%
another
40%
cure
40%
endure
40%
feelin'
40%
that
40%
they
40%
think
40%
You'd
40%
broken
33%
For
33%
hearts
33%
insecure
33%
kinda
33%
suprised
20%
vicitm
13%
No matching quizzes found
Score Distribution
Percent of People with Each Score
Percentile by Number Answered
Your Score History
You have not taken this quiz